000
00258nam a2200097Ia 4500
008
220204s9999 xx 000 0 und d
082
_a
054.124
_b
TEC
245
0
_a
Techniques of chemistry. V 7. Membranes in seperation
260
_a
New York
_b
Wiley
942
_c
BK
999
_c
25620
_d
25620